| 000 | 00768nam a2200217Ii 4500 | ||
|---|---|---|---|
| 003 | JO-AjNU | ||
| 008 | 230605s9999||||xx |||||||||||||| ||und|| | ||
| 020 | _a978-9957-980-58-0 | ||
| 040 |
_aJO-AjNU _bara _erda _cJO-AjNU |
||
| 041 | _aara | ||
| 050 | 1 | 4 | _aDS35.65.A77.2019 |
| 100 | 3 |
_aعرار، محي الدين عبد حسين, _eauthor _960764 |
|
| 245 | 0 | 0 | _aالتدوين التاريخي في العصر اليوناني وصدر الاسلام |
| 250 | _aط1 | ||
| 264 | 3 | 1 | _aعمان: دار الاعصار العلمي للنشر والتوزيع،2019 |
| 300 | _a254ص | ||
| 336 |
_atext _btxt _2rdacontent |
||
| 337 |
_aunmediated _bn _2rdamedia |
||
| 338 |
_avolume _bnc _2rdacarrier |
||
| 650 | 4 |
_aاالاسلام-التدوين-تاريخ _960765 |
|
| 999 |
_aA27422 _c30990 _d30990 |
||